| 000 | 00908nam a2200277Ia 4500 | ||
|---|---|---|---|
| 001 | Z_4089 | ||
| 003 | CHAP | ||
| 008 | 220113s2001 xx 000 0 und d | ||
| 010 | _a167152 | ||
| 040 | _cCHAP | ||
| 090 | _aTesis C 1574 | ||
| 100 |
_aCarreón Lozano, María de los Angeles _919381 |
||
| 245 |
_aValidación de ecuaciones de predicción de peso vivo en ovinos criollos y suffolk utilizando medidas corporales / _cpor María de los Angeles Carreón Lozano y Teófilo Gaviño Mendoza |
||
| 260 |
_aChapingo, Méx. : _bEl autor, _c2001 |
||
| 300 | _a79 h. | ||
| 502 | _aTesis (Ing. Agr. Esp. en Zootecnia) -- UACH. Departamento de Zootecnia | ||
| 650 |
_aGanado lanar _xCrecimiento _945166 |
||
| 650 |
_aGanado lanar _xPeso _945211 |
||
| 700 |
_aGaviño Mendoza, Teófilo _947322 |
||
| 901 | _aTESIS C 1574 | ||
| 902 | _aM | ||
| 910 | _a2001 | ||
| 942 | _c2 | ||
| 942 | _c2 | ||
| 999 |
_c167152 _d167152 |
||